| 000 | 01288nam a22002537a 4500 | ||
|---|---|---|---|
| 005 | 20110829111953.0 | ||
| 010 | _aG-001080 | ||
| 020 |
_c25.00 _a9788190558402 |
||
| 035 | _aG-001080 | ||
| 037 |
_bएम.एन.पब्लिकेशन्स _a |
||
| 082 | _a808.882 | ||
| 100 |
_a _933854 |
||
| 245 |
_aनवसाक्षर चुटकुले / _cकृष्णदेव झारी द्वारा संकलित एवं संपादित _b |
||
| 260 |
_a दिल्ली _bएम.एन.पब्लिकेशन्स _c2009 |
||
| 270 |
_a29/502, ईस्ट एण्ड अपार्टमैंटस, मयूर विहार एक्सटेंशन फेस-1 _b दिल्ली _e110096 _cदिल्ली _k |
||
| 300 |
_a16पृ. _c21 सेमी (अजिल्द) _bसचित्र |
||
| 500 | _a | ||
| 650 |
_a _933855 |
||
| 650 |
_a _933856 |
||
| 700 |
_a झारी, कृष्णदेव _933649 |
||
| 942 |
_adpl _cCH _2ddc _mनवसा _h808.882 |
||
| 999 |
_c56043 _d56043 |
||